Europe history quiz - Statistics

General Stats
  • This quiz has been taken 194 times
  • The average score is 23 of 33
Answers on the Map
Answers color-coded by a green-red scale on the quiz's map according to % correct below.
 
Answer Stats
Answer % Correct
United kingdom
91%
spain
89%
france
87%
italy
87%
germany
84%
sweden
84%
iceland
82%
Russia
82%
finland
80%
ireland
80%
poland
80%
portugal
80%
greece
76%
norway
75%
denmark
73%
netherlands
71%
Ukraine
69%
belgium
67%
slovakia
67%
switzerland
67%
lithuania
65%
czech republic
64%
latvia
64%
austria
62%
hungary
62%
estonia
60%
Belarus
58%
romania
58%
bulgaria
56%
serbia
55%
albania
53%
croatia
53%
slovenia
53%
No matching quizzes found
Score Distribution
Percent of People with Each Score
Percentile by Number Answered
Your Score History
You have not taken this quiz